Front page 97 (Record no. 132993)

MARC details
000 -LEADER
fixed length control field 00724nam a22002417a 4500
005 - DATE AND TIME OF LATEST TRANSACTION
control field 20170124110202.0
010 ## - LIBRARY OF CONGRESS CONTROL NUMBER
LC control number A-939371
020 ## - INTERNATIONAL STANDARD BOOK NUMBER
International Standard Book Number 8120313011
Terms of availability 175.00
035 ## - SYSTEM CONTROL NUMBER
System control number A-939371
037 ## - SOURCE OF ACQUISITION
Source of stock number/acquisition Cen Lib/Ret
040 ## - CATALOGING SOURCE
Original cataloging agency DPL
Language of cataloging EN
082 ## - DEWEY DECIMAL CLASSIFICATION NUMBER
Classification number 005.369
Item number MAL
100 ## - MAIN ENTRY--PERSONAL NAME
Personal name Maloney, Eric
9 (RLIN) 36431
245 ## - TITLE STATEMENT
Title Front page 97
Statement of responsibility, etc by Eric Maloney [and] Joshua C. Nossiter
250 ## - EDITION STATEMENT
Edition statement 6th ed
260 ## - PUBLICATION, DISTRIBUTION, ETC. (IMPRINT)
Place of publication, distribution, etc New Delhi
Name of publisher, distributor, etc Prentice hall of India
Date of publication, distribution, etc 1998
270 ## - ADDRESS
Address M-97, Connaught circus
City New Delhi
Postal code 110001
300 ## - PHYSICAL DESCRIPTION
Extent various pagings
Dimensions 21cm(Hb)
650 ## - SUBJECT ADDED ENTRY--TOPICAL TERM
Topical term or geographic name as entry element Computer science
9 (RLIN) 36432
650 ## - SUBJECT ADDED ENTRY--TOPICAL TERM
Topical term or geographic name as entry element Web pages
9 (RLIN) 36433
700 ## - ADDED ENTRY--PERSONAL NAME
Personal name Nossiter, Joshua C.
9 (RLIN) 36434
942 ## - ADDED ENTRY ELEMENTS (KOHA)
Source of classification or shelving scheme Dewey Decimal Classification
Koha item type English Books
Classification part 005.369
Call number suffix MAL
Holdings
Withdrawn status Lost status Damaged status Not for loan Home library Current library Date acquired Source of acquisition Cost, normal purchase price Total Checkouts Full call number Barcode Date last seen Copy number Cost, replacement price Price effective from Koha item type Public note
Written off       Central Library Central Library 24/07/2015 Cen Lib/Ret 175.00   005.369 MAL A-939371 24/07/2015 1 175.00 24/07/2015 English Books W/d list no. 6831/14

© Delhi Public Library
Hit Counter
free hit counter